Management accounting and budgeting / (Record no. 129374)

MARC details
000 -LEADER
fixed length control field 00781nam a22002537a 4500
005 - DATE AND TIME OF LATEST TRANSACTION
control field 20170124110055.0
010 ## - LIBRARY OF CONGRESS CONTROL NUMBER
LC control number A-861454
020 ## - INTERNATIONAL STANDARD BOOK NUMBER
Terms of availability 00.00
International Standard Book Number 8171009042
035 ## - SYSTEM CONTROL NUMBER
System control number A-861454
037 ## - SOURCE OF ACQUISITION
Source of stock number/acquisition Cen Lib/Ret
040 ## - CATALOGING SOURCE
Original cataloging agency DPL
Language of cataloging EN
082 ## - DEWEY DECIMAL CLASSIFICATION NUMBER
Classification number 658.1511
Item number MAN
245 ## - TITLE STATEMENT
Title Management accounting and budgeting /
Statement of responsibility, etc edited by Devendra Thakur [and] Kamleshwar Mishra
246 ## - VARYING FORM OF TITLE
Remainder of title
260 ## - PUBLICATION, DISTRIBUTION, ETC. (IMPRINT)
Name of publisher, distributor, etc New Delhi
Place of publication, distribution, etc Deep & Deep Publications
Date of publication, distribution, etc 1997
270 ## - ADDRESS
Address F-159, rajouri garden
City New Delhi
Postal code 110027
300 ## - PHYSICAL DESCRIPTION
Extent x, 237p.
Dimensions 20cm(Hb)
500 ## - GENERAL NOTE
General note Includes index
650 ## - SUBJECT ADDED ENTRY--TOPICAL TERM
Topical term or geographic name as entry element Managerial accounting
9 (RLIN) 26179
650 ## - SUBJECT ADDED ENTRY--TOPICAL TERM
Topical term or geographic name as entry element Budget
9 (RLIN) 14428
700 ## - ADDED ENTRY--PERSONAL NAME
Personal name Thakur, Devendra
9 (RLIN) 13947
700 ## - ADDED ENTRY--PERSONAL NAME
Personal name Mishra, Kamleshwar
9 (RLIN) 26180
942 ## - ADDED ENTRY ELEMENTS (KOHA)
Source of classification or shelving scheme Dewey Decimal Classification
Koha item type English Books
Classification part 658.1511
Call number suffix MAN
Holdings
Withdrawn status Lost status Damaged status Not for loan Home library Current library Date acquired Source of acquisition Cost, normal purchase price Total Checkouts Full call number Barcode Date last seen Copy number Cost, replacement price Price effective from Koha item type Public note Source of classification or shelving scheme Collection code
Written off       Central Library Central Library 06/07/2015 Cen Lib/Ret 0.00   658.1511 MAN A-861454 06/07/2015 1 0.00 06/07/2015 English Books W/d List No. 6874/17 ; dtd 20/08/2020    
        Sarojini Nagar Sarojini Nagar 08/04/2019       658.1511 MAN A-861455 08/04/2019     08/04/2019 English Books Withdran List Prepared L.No.17/02 Dewey Decimal Classification Non-fiction

© Delhi Public Library
Hit Counter
free hit counter